000 00433pab a2200169 454500
008 180718b2009 xxu||||| |||| 00| 0 eng d
100 _aMisra, Surya Narayan
245 _aNaveen Patnaik authors a new chapter for Orissa
260 _c2009
300 _ap.148-50.
362 _a26 Sep
650 _aElections - India - Orissa
650 _aElections
773 _aEconomic and Political Weekly
908 _aN
909 _a83937
999 _c83937
_d83937